000
00315nam a2200121Ia 4500
008
231129s9999||||xx |||||||||||||| ||spa||
040
_b
spa
082
_a
519.2 L314e
100
_a
Laplace Pierre Simon de
245
0
_a
Ensayo filosofico sobre las probabilidades
264
_a
Alianza Editorial
942
_2
ddc
_c
BKS
999
_c
13106
_d
13106